000 00671nam a22001337a 4500
040 _cRUA
082 _aAVM CHA 2012 B101 Or.1
100 _aCHAPSOCHEA NEARYCHEAT
245 _aEffectiveness of creation of village animalhealth worker in bakan district, pursat province, (ប្រសិទ្ធភាពនៃការបង្កើតភ្នាក់ងារពេទ្យសត្វភូមិ នៅស្រុកបាកាន ខេត្តពោធិ៍សាត់)
260 _aPhnom Penh
_bRua
_c2012
300 _ax; 40p.
_bill.
_c29cm.
856 _uhttps://drive.google.com/file/d/1PTNJAqncsL_oK3XDVXTgKYjoEpOZqfct/view?usp=sharing
942 _cAVM
999 _c2632
_d2632